[Event "41st Olympiad Women 2014"]
[Site "Tromso NOR"]
[Date "2014.08.02"]
[Round "1.41"]
[Board "4"]
[White "Perena, Catherine"]
[Black "Sisior, Destiny"]
[Result "1-0"]
[WhiteTitle "WIM"]
[WhiteElo "2165"]
[BlackElo "1536"]
[WhiteTeam "Philippines"]
[BlackTeam "Palau"]
[WhiteFideId "5202744"]
[BlackFideId "16600444"]
[EventDate "2014.08.02"]

1. d4 d5 2. c4 c6 3. Nc3 Nf6 4. Nf3 g6 5. Bf4 Nbd7 6. e3 Bg7 7. Bd3 e6 8. Qe2 b6
9. Bd6 Ba6 10. Rc1 c5 11. cxd5 Qc8 12. Bxa6 Qd8 13. dxe6 Nb8 14. dxc5 bxc5 15.
Bb5+ Nfd7 16. Rd1 Bxc3+ 17. bxc3 a6 18. exf7+ Kxf7 19. Bc4+ Ke8 20. Ne5 Nxe5 21.
Bxe5 Qe7 22. Bxh8 Qe4 23. Bf6 Qxg2 24. Rd8# 1-0

[Event "41st Olympiad Women 2014"]
[Site "Tromso NOR"]
[Date "2014.08.02"]
[Round "1.42"]
[Board "1"]
[White "Baciu, Diana"]
[Black "Taweesupmun, Chanida"]
[Result "1-0"]
[WhiteTitle "WIM"]
[BlackTitle "WCM"]
[WhiteElo "2294"]
[BlackElo "1838"]
[WhiteTeam "Moldova"]
[BlackTeam "Thailand"]
[WhiteFideId "13903284"]
[BlackFideId "6200117"]
[EventDate "2014.08.02"]

1. e4 e5 2. Nf3 Nc6 3. Bc4 Bc5 4. c3 Nf6 5. d3 a6 6. h3 d6 7. Bb3 h6 8. Nbd2 Ba7
9. Nf1 Be6 10. Ng3 O-O 11. Nh2 Re8 12. Qf3 Bxb3 13. axb3 d5 14. Nf5 dxe4 15.
dxe4 Kh7 16. O-O Re6 17. g4 Ne7 18. g5 hxg5 19. Bxg5 Nxf5 20. Qxf5+ Kg8 21. Ng4
Bc5 22. Rad1 Bd6 23. Kh1 a5 24. Nxf6+ Rxf6 25. Bxf6 Qxf6 26. Qxf6 gxf6 27. Rg1+
Kh7 28. Rg4 Rg8 29. Rxg8 Kxg8 30. Kg2 Kg7 31. Kg3 Kg6 32. Kg4 Bc5 33. f3 Be3 34.
Rd7 Bc1 35. Rxc7 Bxb2 36. c4 b6 37. c5 1-0

[Event "41st Olympiad Women 2014"]
[Site "Tromso NOR"]
[Date "2014.08.02"]
[Round "1.42"]
[Board "2"]
[White "Atthaworadej, Worasuda"]
[Black "Petrenko, Svetlana"]
[Result "0-1"]
[WhiteTitle "WCM"]
[BlackTitle "IM"]
[WhiteElo "1749"]
[BlackElo "2205"]
[WhiteTeam "Thailand"]
[BlackTeam "Moldova"]
[WhiteFideId "6201563"]
[BlackFideId "13900196"]
[EventDate "2014.08.02"]

1. e4 c5 2. Nc3 e5 3. Bc4 d6 4. d3 Nc6 5. Nge2 h6 6. O-O Nf6 7. f4 a6 8. a3 b5
9. Bd5 Qb6 10. Kh1 Be7 11. Be3 a5 12. fxe5 dxe5 13. Ng3 O-O 14. Qd2 Ng4 15. Nce2
Ra7 16. Nf5 Nd4 17. Neg3 Nxe3 18. Nxe3 Bg5 19. Rac1 c4 20. Rfe1 Be6 21. Bxe6
Qxe6 22. Qf2 Rd7 23. dxc4 bxc4 24. c3 Nb3 25. Rcd1 Rd3 26. Nd5 Qg4 27. Qe2 Qxe2
28. Nxe2 Rb8 29. Ng3 Nc5 30. Rb1 Na4 31. Re2 Nxc3 32. Nxc3 Rxc3 33. Nf5 Rxa3 34.
Rf1 Ra2 35. Nd6 c3 36. Rb1 Raxb2 37. Rexb2 Rxb2 0-1

[Event "41st Olympiad Women 2014"]
[Site "Tromso NOR"]
[Date "2014.08.02"]
[Round "1.43"]
[Board "1"]
[White "Blackman, Katrina"]
[Black "Yuan, Yuanling"]
[Result "0-1"]
[WhiteTitle "WCM"]
[BlackTitle "WIM"]
[WhiteElo "1627"]
[BlackElo "2241"]
[WhiteTeam "Barbados"]
[BlackTeam "Canada"]
[WhiteFideId "11100540"]
[BlackFideId "8604541"]
[EventDate "2014.08.02"]

1. e4 c5 2. Nf3 d6 3. c3 Nf6 4. h3 g6 5. Bd3 Bg7 6. O-O O-O 7. Bc2 Nc6 8. d4
cxd4 9. cxd4 Nb4 10. Bb3 d5 11. e5 Ne4 12. Nc3 Nxc3 13. bxc3 Nc6 14. Re1 Bf5 15.
Bf4 Rc8 16. Rc1 Na5 17. Nd2 b5 18. a4 a6 19. axb5 axb5 20. Ba2 Qd7 21. Nb3 Nxb3
22. Qxb3 Rfd8 23. Bb1 Rc4 24. Bd2 Rb8 25. Qb2 f6 26. exf6 Bxf6 27. Ba2 Rcc8 28.
Bf4 Rb6 29. Qb4 e6 30. Be5 Be7 31. Qb2 Bg5 32. Ra1 Qc6 33. Qa3 Ra6 34. Qb4 Ra4
35. Qb2 Kf7 36. f4 Bh4 37. Rec1 Be7 38. Qe2 Rca8 39. h4 Qa6 40. g4 Be4 41. f5
Rxa2 42. fxg6+ hxg6 43. Rf1+ Kg8 44. Rxa2 Qxa2 45. Qxa2 Rxa2 46. Rf2 Ra1+ 47.
Rf1 Ra3 48. g5 Rxc3 49. Bf6 Bf8 50. Ra1 Ba3 51. Kf2 Rc2+ 52. Ke3 Bc1+ 0-1

[Event "41st Olympiad Women 2014"]
[Site "Tromso NOR"]
[Date "2014.08.02"]
[Round "1.43"]
[Board "2"]
[White "Khoudgarian, Natalia"]
[Black "Murray, Donna"]
[Result "1-0"]
[WhiteTitle "WIM"]
[WhiteElo "2136"]
[BlackElo "1454"]
[WhiteTeam "Canada"]
[BlackTeam "Barbados"]
[WhiteFideId "2602121"]
[BlackFideId "11102470"]
[EventDate "2014.08.02"]

1. e4 e6 2. d4 d5 3. Nd2 Nf6 4. e5 Nfd7 5. Bd3 c5 6. c3 Nc6 7. Ne2 cxd4 8. cxd4
f6 9. exf6 Nxf6 10. O-O Bd6 11. Nf3 O-O 12. Bg5 Qc7 13. Nc3 a6 14. Bh4 Nh5 15.
Qc2 Rxf3 16. gxf3 Nxd4 17. Bxh7+ Kh8 18. Qd3 Bxh2+ 19. Kh1 Qf4 20. Bg3 Bxg3 21.
fxg3 Nxg3+ 22. Kg2 Nxf1 23. Rxf1 Bd7 24. Rh1 g5 25. Be4+ Qh4 26. Rxh4+ gxh4 27.
Qxd4+ Kg8 28. Nxd5 h3+ 29. Kg3 Kf7 30. Qf6+ Ke8 31. Qe7# 1-0

[Event "41st Olympiad Women 2014"]
[Site "Tromso NOR"]
[Date "2014.08.02"]
[Round "1.43"]
[Board "3"]
[White "Ramsay, Sheena"]
[Black "Botez, Alexandra"]
[Result "0-1"]
[WhiteTitle "WCM"]
[BlackTitle "WFM"]
[WhiteElo "1579"]
[BlackElo "2089"]
[WhiteTeam "Barbados"]
[BlackTeam "Canada"]
[WhiteFideId "11101610"]
[BlackFideId "2603365"]
[EventDate "2014.08.02"]

1. d4 Nf6 2. Nf3 e6 3. Bg5 Be7 4. e3 b6 5. c3 Bb7 6. Nbd2 d6 7. Bd3 Nbd7 8. a4
a5 9. O-O O-O 10. Qc2 h6 11. Bh4 c5 12. Rfe1 d5 13. h3 c4 14. Be2 Bd6 15. Nb1
Qc7 16. Na3 Ba6 17. b3 g5 18. Bg3 Bxg3 19. fxg3 cxb3 20. Qxb3 Bxe2 21. Rxe2 Qxg3
22. Rf1 g4 23. Ne5 Nxe5 24. Rxf6 Nf3+ 25. Rxf3 gxf3 26. Rf2 Kh8 27. Qd1 fxg2 28.
Rf3 Qg5 29. Qe1 Rg8 30. Nb5 Rg7 31. Qf2 f5 32. Nc7 Rxc7 33. Rg3 Qf6 34. Qxg2 Rg7 0-1

[Event "41st Olympiad Women 2014"]
[Site "Tromso NOR"]
[Date "2014.08.02"]
[Round "1.43"]
[Board "4"]
[White "Zhou, Qiyu"]
[Black "Nurse, Lydia"]
[Result "1-0"]
[WhiteTitle "WCM"]
[WhiteElo "2109"]
[BlackElo "1364"]
[WhiteTeam "Canada"]
[BlackTeam "Barbados"]
[WhiteFideId "505161"]
[BlackFideId "11101261"]
[EventDate "2014.08.02"]

1. e4 e5 2. Nf3 Nc6 3. Bb5 a6 4. Ba4 Nf6 5. d3 h6 6. Bxc6 dxc6 7. Nxe5 Bd6 8.
Nf3 Qe7 9. O-O O-O 10. Re1 Bg4 11. h3 Bh5 12. Nbd2 b5 13. d4 Bb4 14. c3 Ba5 15.
Nf1 Nxe4 16. Ng3 Bg6 17. Nxe4 Bxe4 18. Ne5 Bd5 19. Nxc6 Qxe1+ 20. Qxe1 Bxc6 21.
Bf4 Rad8 22. Qe3 Rfe8 23. Qg3 Re6 24. Bxc7 Bxc7 25. Qxc7 b4 26. Qxd8+ Re8 27.
Qb6 Bb5 28. cxb4 Re2 29. a4 Bd3 30. d5 1-0

[Event "41st Olympiad Women 2014"]
[Site "Tromso NOR"]
[Date "2014.08.02"]
[Round "1.44"]
[Board "1"]
[White "Gevorgyan, Irina"]
[Black "Ortiz, Katherine Berenice"]
[Result "1-0"]
[WhiteTitle "WFM"]
[BlackTitle "WFM"]
[WhiteElo "2141"]
[BlackElo "1864"]
[WhiteTeam "Uzbekistan"]
[BlackTeam "Honduras"]
[WhiteFideId "14201437"]
[BlackFideId "8400474"]
[EventDate "2014.08.02"]

1. Nf3 Nf6 2. c4 e6 3. Nc3 d5 4. d4 Bb4 5. Bg5 O-O 6. e3 Nbd7 7. Bd3 c5 8. cxd5
exd5 9. Qc2 Qb6 10. O-O h6 11. Bxf6 Nxf6 12. Na4 Qc7 13. a3 Ba5 14. dxc5 Qe7 15.
Bf5 Ne4 16. Bxc8 Raxc8 17. b4 Bc7 18. Rad1 Rfd8 19. Qb3 g5 20. Nc3 g4 21. Nxe4
gxf3 22. Ng3 fxg2 23. Kxg2 Qe5 24. Rd4 b6 25. Rfd1 bxc5 26. bxc5 Rb8 27. Qc3 Qg5
28. Qd2 h5 29. e4 Bf4 30. Qe2 h4 31. exd5 hxg3 32. hxg3 Qe5 33. Re4 Qc7 34. Qg4+
Kf8 35. Rxf4 Qxc5 36. Qh5 Rb7 37. Qh8+ Ke7 38. Qf6+ 1-0

[Event "41st Olympiad Women 2014"]
[Site "Tromso NOR"]
[Date "2014.08.02"]
[Round "1.44"]
[Board "2"]
[White "Ortiz, Rosa Daniela"]
[Black "Baymuratova, Sevara"]
[Result "0-1"]
[WhiteTitle "WCM"]
[BlackTitle "WFM"]
[WhiteElo "1540"]
[BlackElo "2127"]
[WhiteTeam "Honduras"]
[BlackTeam "Uzbekistan"]
[WhiteFideId "8400547"]
[BlackFideId "14202182"]
[EventDate "2014.08.02"]

1. Nf3 Nf6 2. g3 d5 3. Bg2 g6 4. O-O Bg7 5. d3 O-O 6. Nbd2 c5 7. b3 Nc6 8. Bb2
Bf5 9. Re1 Qd7 10. e4 dxe4 11. dxe4 Bh3 12. Nc4 Bxg2 13. Kxg2 b5 14. Nce5 Nxe5
15. Nxe5 Qb7 16. f3 Rfd8 17. Qe2 Nd7 18. Nxd7 Bxb2 19. Rab1 Bc3 20. Nxc5 Qc6 21.
Red1 Qxc5 22. Rd3 Rxd3 23. cxd3 Bd4 24. b4 Qc3 25. Rb3 Qc1 26. e5 Rc8 27. Kh3
Qh6+ 28. Kg2 Rc1 29. f4 Rg1+ 30. Kf3 Qh5+ 31. Ke4 Qxe2+ 32. Kxd4 Rc1 0-1

[Event "41st Olympiad Women 2014"]
[Site "Tromso NOR"]
[Date "2014.08.02"]
[Round "1.44"]
[Board "3"]
[White "Kakhramonova, Mokhinur"]
[Black "Fernandez, Mirna Graciela"]
[Result "1-0"]
[WhiteElo "2044"]
[BlackElo "1521"]
[WhiteTeam "Uzbekistan"]
[BlackTeam "Honduras"]
[WhiteFideId "14201771"]
[BlackFideId "8400482"]
[EventDate "2014.08.02"]

1. e4 e5 2. Nf3 Nc6 3. Bc4 Bc5 4. c3 Nf6 5. d3 h6 6. O-O O-O 7. Re1 Re8 8. Bb3
d5 9. Qe2 Bg4 10. Nbd2 Qd7 11. exd5 Nxd5 12. Ne4 Nb6 13. Nxc5 Qc8 14. h3 Bh5 15.
Ne4 Qd7 16. Bxh6 Qd8 17. Bg5 Qc8 18. Ng3 Bg6 19. Nh4 Bh7 20. Qh5 Qd7 21. Ne4 Na5
22. Nc5 g6 23. Qh6 Qe7 24. Bxe7 1-0

[Event "41st Olympiad Women 2014"]
[Site "Tromso NOR"]
[Date "2014.08.02"]
[Round "1.45"]
[Board "1"]
[White "Al-khelaifi, Aisha"]
[Black "Narva, Mai"]
[Result "0-1"]
[BlackTitle "WCM"]
[WhiteElo "1690"]
[BlackElo "2205"]
[WhiteTeam "Qatar"]
[BlackTeam "Estonia"]
[WhiteFideId "12100625"]
[BlackFideId "4500512"]
[EventDate "2014.08.02"]

1. e4 c5 2. Nf3 Nc6 3. Bb5 e6 4. Bxc6 bxc6 5. d3 Ne7 6. Nbd2 Ng6 7. Nc4 d6 8.
Be3 e5 9. h3 Be7 10. O-O f5 11. exf5 Bxf5 12. Nh2 O-O 13. f4 exf4 14. Bxf4 Bxd3
15. Qxd3 Nxf4 16. Qd2 Bg5 17. Qd1 Qc7 18. Nf3 Rae8 19. Re1 Rxe1+ 20. Qxe1 Bf6
21. c3 d5 22. Ncd2 Nd3 23. Rb1 0-1

[Event "41st Olympiad Women 2014"]
[Site "Tromso NOR"]
[Date "2014.08.02"]
[Round "1.45"]
[Board "2"]
[White "Tsiganova, Monika"]
[Black "Al-Khelaifi, Kholoud"]
[Result "1-0"]
[WhiteTitle "WIM"]
[WhiteElo "2094"]
[BlackElo "1511"]
[WhiteTeam "Estonia"]
[BlackTeam "Qatar"]
[WhiteFideId "4500199"]
[BlackFideId "12100145"]
[EventDate "2014.08.02"]

1. d4 d5 2. Nf3 e6 3. c4 c6 4. Nc3 f5 5. Bf4 Nf6 6. e3 Be7 7. h3 O-O 8. Bd3 Nbd7
9. cxd5 cxd5 10. O-O a6 11. Rc1 Ne4 12. Qb3 Ndf6 13. Na4 b5 14. Bc7 bxa4 15.
Bxd8 axb3 16. Bxe7 Re8 17. Bxf6 Nxf6 18. axb3 Bd7 19. Ne5 Red8 20. Nxd7 Rxd7 21.
Rc6 Re7 22. Rfc1 Kf7 23. Rxa6 Rb8 24. Rc3 Reb7 25. Bc2 Ne4 26. Rcc6 Re7 27. f3
Nd2 28. Rc3 Reb7 29. Ra3 g5 30. Rd3 Nc4 31. bxc4 Rxb2 32. Rdc3 dxc4 33. Ra7+ Kf6
34. Rxc4 h6 35. Rcc7 Rf8 36. g4 f4 37. e4 Rb5 38. Rh7 e5 39. Rxh6# 1-0

[Event "41st Olympiad Women 2014"]
[Site "Tromso NOR"]
[Date "2014.08.02"]
[Round "1.45"]
[Board "3"]
[White "Safar, Alshaymaa"]
[Black "Narva, Triin"]
[Result "0-1"]
[WhiteTitle "WCM"]
[BlackTitle "WCM"]
[WhiteElo "1594"]
[BlackElo "2068"]
[WhiteTeam "Qatar"]
[BlackTeam "Estonia"]
[WhiteFideId "12100510"]
[BlackFideId "4502680"]
[EventDate "2014.08.02"]

1. d4 g6 2. e4 d6 3. Nc3 Bg7 4. f3 Nf6 5. Bg5 Nbd7 6. Qd2 c5 7. d5 a6 8. Bh6 O-O
9. Bxg7 Kxg7 10. O-O-O b5 11. Kb1 Rb8 12. h4 c4 13. h5 Rh8 14. h6+ Kf8 15. g4
Nc5 16. Qd4 b4 17. Nce2 b3 18. Qxc4 bxa2+ 19. Qxa2 e5 20. Nc1 Rb4 21. b3 Na4 22.
Nge2 Bd7 23. Nd3 Rb8 24. Kc1 Nb6 25. Qa1 Rc8 26. Rd2 Qc7 27. Kd1 Bxg4 28. Bg2
Bd7 29. f4 Ng4 30. Rh3 f6 31. fxe5 fxe5 32. Rf3+ Ke7 33. Bh3 Rhf8 34. Bxg4 Bxg4
35. Rxf8 Rxf8 36. Ke1 Bf3 37. Ng3 Qc8 38. Nxe5 Qh3 39. Nc6+ Ke8 40. Qg7 Qxg3+
41. Rf2 Qg1+ 42. Kd2 Qxf2+ 43. Kc3 Qe3+ 44. Kb2 Nxd5 45. exd5 Bxd5 46. Nb8 Qf4 0-1

[Event "41st Olympiad Women 2014"]
[Site "Tromso NOR"]
[Date "2014.08.02"]
[Round "1.46"]
[Board "1"]
[White "Heredia Serrano, Carla"]
[Black "Lyons, Kieran"]
[Result "1-0"]
[WhiteTitle "WGM"]
[BlackTitle "WFM"]
[WhiteElo "2168"]
[BlackElo "1811"]
[WhiteTeam "Ecuador"]
[BlackTeam "Fiji"]
[WhiteFideId "3603687"]
[BlackFideId "11400102"]
[EventDate "2014.08.02"]

1. e4 c5 2. Nc3 Nc6 3. f4 e6 4. Nf3 d5 5. Bb5 Ne7 6. exd5 exd5 7. Qe2 Qd6 8.
Bxc6+ Qxc6 9. d4 b6 10. Ne5 Qe6 11. Nb5 Kd8 12. dxc5 f6 13. Nd3 Qxe2+ 14. Kxe2
bxc5 15. Nxc5 Nf5 16. Nd3 Ba6 17. Nc3 d4 18. Ne4 Rc8 19. Kd1 Bb7 20. Re1 Nd6 21.
Nxd6 Bxd6 22. Rg1 Re8 23. Bd2 Re7 24. a4 Ke8 25. b4 Rec7 26. Ra2 Be4 27. Re1 Re7
28. g3 Kf7 29. Ne5+ fxe5 30. Rxe4 exf4 31. Rxe7+ Kxe7 32. gxf4 a6 33. Ra3 Rc4
34. Rb3 Kd7 35. Rb2 h6 36. Ke2 Ke6 37. Kd3 Kd5 38. h3 Bf8 39. Rb1 Bd6 40. Re1 g5
41. fxg5 hxg5 42. Re8 a5 43. Rd8 Rc7 44. Bxg5 axb4 45. Bf4 Rc3+ 1-0

[Event "41st Olympiad Women 2014"]
[Site "Tromso NOR"]
[Date "2014.08.02"]
[Round "1.46"]
[Board "2"]
[White "Sukhu, Gloria"]
[Black "Bosch Garcia, Jacqueline"]
[Result "0-1"]
[WhiteTitle "WCM"]
[BlackTitle "WFM"]
[WhiteElo "1501"]
[BlackElo "2173"]
[WhiteTeam "Fiji"]
[BlackTeam "Ecuador"]
[WhiteFideId "11400099"]
[BlackFideId "3503844"]
[EventDate "2014.08.02"]

1. d4 Nf6 2. e3 e6 3. Bd3 b6 4. Nd2 Bb7 5. Ngf3 c5 6. c3 Be7 7. O-O O-O 8. e4
cxd4 9. cxd4 Ba6 10. Qe2 Bxd3 11. Qxd3 d6 12. b3 Nc6 13. Bb2 Qd7 14. Rac1 Rac8
15. Qb1 Rc7 16. Nc4 Rfc8 17. Rfd1 Qd8 18. Qd3 Nb4 19. Qb1 Nxe4 20. Qxe4 d5 21.
Qe5 dxc4 22. d5 Bf6 23. dxe6 Qxd1+ 24. Rxd1 Bxe5 25. exf7+ Rxf7 26. Nxe5 Nd3 27.
Bd4 Nxe5 28. Bxe5 c3 29. Bg3 c2 30. Rc1 Rd7 31. f3 Rd1+ 32. Kf2 Rxc1 33. Bf4 Ra1 0-1

[Event "41st Olympiad Women 2014"]
[Site "Tromso NOR"]
[Date "2014.08.02"]
[Round "1.46"]
[Board "3"]
[White "Romero Echeverria, Abigail"]
[Black "Vukikomoala, Hilda"]
[Result "1-0"]
[WhiteTitle "WFM"]
[BlackTitle "WFM"]
[WhiteElo "2098"]
[BlackElo "1461"]
[WhiteTeam "Ecuador"]
[BlackTeam "Fiji"]
[WhiteFideId "3603806"]
[BlackFideId "11400269"]
[EventDate "2014.08.02"]

1. e4 e5 2. Nf3 Nc6 3. Nc3 Nf6 4. d4 exd4 5. Nxd4 d6 6. Bg5 Be7 7. Qd2 Bd7 8. h4
h6 9. Be3 Nxd4 10. Bxd4 c5 11. Be3 Qc7 12. Bc4 Bc6 13. f3 O-O-O 14. Bxf7 Kb8 15.
O-O-O Rhf8 16. Bd5 Nd7 17. f4 Nb6 18. Bxc6 Qxc6 19. Nd5 Nxd5 20. Qxd5 Qb6 21. c3
Bf6 22. g4 Be7 23. g5 Rde8 24. gxh6 gxh6 25. Rhg1 Bf6 26. Rg6 h5 27. e5 Bxh4 28.
Rxd6 Qc7 29. e6 b6 30. Rd7 Qc8 31. Qe5+ Ka8 32. f5 Bf6 33. Qd5+ Kb8 34. Bf4+ 1-0

[Event "41st Olympiad Women 2014"]
[Site "Tromso NOR"]
[Date "2014.08.02"]
[Round "1.47"]
[Board "2"]
[White "Gutierrez Salazar, Leonela"]
[Black "Gao, Yi-Ping"]
[Result "1-0"]
[WhiteTitle "WFM"]
[WhiteElo "2096"]
[BlackElo "1723"]
[WhiteTeam "Venezuela"]
[BlackTeam "Chinese Taipei"]
[WhiteFideId "3900401"]
[BlackFideId "16300955"]
[EventDate "2014.08.02"]

1. e4 d6 2. d4 Nf6 3. Bd3 g6 4. Nf3 Bg7 5. O-O O-O 6. Re1 c5 7. dxc5 dxc5 8. Nc3
Nc6 9. Bg5 h6 10. Be3 b6 11. Qc1 Kh7 12. e5 Ng8 13. Bf4 e6 14. h4 Nd4 15. Be4
Rb8 16. h5 Bb7 17. Nxd4 cxd4 18. Bxb7 Rxb7 19. Rd1 Ne7 20. Ne2 Nc6 21. c3 d3 22.
Qe3 Rd7 23. Nc1 d2 24. Nb3 Qh4 25. hxg6+ fxg6 26. Bg3 Qh5 27. Rxd2 Rxd2 28. Nxd2
Nxe5 29. Re1 Qf5 30. f3 Nd3 31. Re2 Nxb2 32. Qxe6 Bxc3 33. Qxf5 gxf5 34. Re7+
Kg6 35. Nb3 a5 36. Rc7 Na4 37. Bf2 Rf6 38. Rc4 b5 39. Rc8 Rd6 40. Bg3 Re6 41.
Rb8 Rb6 42. Ra8 Bb4 43. Nxa5 Nc3 44. Bf2 Rd6 45. Nb3 Ne2+ 46. Kh2 Bc3 47. Re8
Nf4 48. Bg3 Kg5 49. Rg8+ Kf6 50. Bxf4 Be5 51. Rf8+ Ke7 52. Bxe5 Rd5 53. Rxf5 Ke6
54. Rh5 Rxe5 55. Nd4+ 1-0

[Event "41st Olympiad Women 2014"]
[Site "Tromso NOR"]
[Date "2014.08.02"]
[Round "1.47"]
[Board "3"]
[White "Liao, Jo-Yu"]
[Black "Montilla, Jorcerys"]
[Result "0-1"]
[BlackTitle "WIM"]
[WhiteElo "1478"]
[BlackElo "2118"]
[WhiteTeam "Chinese Taipei"]
[BlackTeam "Venezuela"]
[WhiteFideId "16300459"]
[BlackFideId "3900517"]
[EventDate "2014.08.02"]

1. e4 c5 2. Nf3 Nc6 3. d4 cxd4 4. Nxd4 Qb6 5. Nxc6 bxc6 6. Nc3 d6 7. Rb1 Nf6 8.
Be3 Qc7 9. Be2 e5 10. O-O Be7 11. Qd2 Be6 12. f4 exf4 13. Bxf4 O-O 14. Bf3 Nd7
15. Rfd1 Ne5 16. Bxe5 dxe5 17. Kh1 Rab8 18. Qf2 Qa5 19. a3 Bc5 20. Qg3 Bd4 21.
b4 Qxa3 22. Nd5 cxd5 23. exd5 Bf5 24. Rf1 Bxc2 25. Rbe1 Qxb4 26. h3 a5 27. Be4
Bxe4 28. Rxe4 Qc4 29. Rd1 Qc2 30. Qd3 Qxd3 31. Rxd3 Rfd8 32. Rdxd4 exd4 33. Rxd4
Rb4 34. Rd2 a4 35. d6 a3 36. Ra2 Rb3 37. d7 Rxd7 38. Kh2 Ra7 39. Ra1 a2 40. Rd1
g6 41. Rd8+ Kg7 42. Rd1 Rb1 43. Rxb1 axb1=Q 44. h4 Qf1 45. Kh3 Ra2 46. Kg3 Rxg2+
47. Kh3 Qf3# 0-1

[Event "41st Olympiad Women 2014"]
[Site "Tromso NOR"]
[Date "2014.08.02"]
[Round "1.48"]
[Board "3"]
[White "Chaves, Joara"]
[Black "Arbona Avila, Zaily M."]
[Result "1-0"]
[WhiteTitle "WIM"]
[WhiteElo "2026"]
[BlackElo "1526"]
[WhiteTeam "Brazil"]
[BlackTeam "Aruba"]
[WhiteFideId "2100622"]
[BlackFideId "15900053"]
[EventDate "2014.08.02"]

1. e4 d6 2. d4 g6 3. Nc3 Bg7 4. Be3 Nf6 5. f3 O-O 6. Qd2 Re8 7. O-O-O c6 8. g4
b5 9. h4 Qa5 10. Kb1 Na6 11. h5 b4 12. Nce2 c5 13. Nc1 cxd4 14. Bxd4 Nc5 15.
hxg6 fxg6 16. Nb3 Nxb3 17. Bc4+ d5 18. Bxb3 e5 19. Be3 Be6 20. g5 Nh5 21. Bxd5
Bxd5 22. Qxd5+ Qxd5 23. Rxd5 Red8 24. Ne2 a5 25. c4 bxc3 26. Nxc3 Rxd5 27. Nxd5
Bf8 28. Rc1 Ng3 29. Rc7 Nh5 30. Nb6 Rd8 31. Nd7 Bd6 32. Ra7 Bb4 33. Nxe5 Rd1+
34. Kc2 Re1 35. Bd4 Nf4 36. Ra8+ 1-0

[Event "41st Olympiad Women 2014"]
[Site "Tromso NOR"]
[Date "2014.08.02"]
[Round "1.48"]
[Board "4"]
[White "Jacobs, Annelaine"]
[Black "Ribeiro, Regina"]
[Result "0-1"]
[WhiteTitle "WCM"]
[BlackTitle "WIM"]
[WhiteElo "1680"]
[BlackElo "2000"]
[WhiteTeam "Aruba"]
[BlackTeam "Brazil"]
[WhiteFideId "15900177"]
[BlackFideId "2100681"]
[EventDate "2014.08.02"]

1. e4 e6 2. d4 d5 3. exd5 exd5 4. Bd3 Nc6 5. c3 Bd6 6. Ne2 Qf6 7. O-O Nge7 8.
Ng3 h5 9. Nd2 Bg4 10. Nf3 h4 11. Nh1 h3 12. Bg5 Bxf3 13. Bxf6 Bxd1 14. Bxe7 hxg2
15. Bxd6 gxh1=Q+ 16. Kxh1 Bf3+ 17. Kg1 cxd6 18. Rfe1+ Kf8 19. Re3 Bg4 20. Rae1
Rh3 21. Rxh3 Bxh3 22. Re3 Bd7 0-1

[Event "41st Olympiad Women 2014"]
[Site "Tromso NOR"]
[Date "2014.08.02"]
[Round "1.49"]
[Board "1"]
[White "Zsiltzova-Lisenko, Lubov"]
[Black "Ju, Wenjun"]
[Result "0-1"]
[WhiteTitle "WIM"]
[BlackTitle "WGM"]
[WhiteElo "2262"]
[BlackElo "2559"]
[WhiteTeam "IBCA"]
[BlackTeam "China"]
[WhiteFideId "14101360"]
[BlackFideId "8603006"]
[EventDate "2014.08.02"]

1. e4 c5 2. Nf3 d6 3. d4 cxd4 4. Nxd4 Nf6 5. Nc3 a6 6. f4 g6 7. Nf3 Bg7 8. e5
Nh5 9. Be2 Nc6 10. O-O O-O 11. exd6 exd6 12. Kh1 Nf6 13. a3 b5 14. Bd3 d5 15. f5
b4 16. Ne2 Ne4 17. fxg6 hxg6 18. axb4 Nxb4 19. Ned4 Nxd3 20. cxd3 Nd6 21. Be3
Re8 22. Qd2 Bg4 23. Bf2 Qd7 24. Ra5 Bxf3 25. Nxf3 Nf5 26. Rfa1 Qb7 27. R1a2 Rec8
28. Bc5 Bh6 29. Qd1 d4 30. b4 Rc6 31. Re2 Be3 32. Nd2 Re6 33. Ne4 Kg7 34. Rxe3
dxe3 35. Qf3 Rd8 36. Ng5 Qxf3 37. Nxe6+ fxe6 38. gxf3 Rxd3 39. Ra1 e2 40. Re1
Rd1 41. Bf2 Ne3 42. Bg3 Nc2 0-1

[Event "41st Olympiad Women 2014"]
[Site "Tromso NOR"]
[Date "2014.08.02"]
[Round "1.49"]
[Board "2"]
[White "Zhao, Xue"]
[Black "Stolarczyk, Anna"]
[Result "1-0"]
[WhiteTitle "GM"]
[BlackTitle "WCM"]
[WhiteElo "2508"]
[BlackElo "1994"]
[WhiteTeam "China"]
[BlackTeam "IBCA"]
[WhiteFideId "8601283"]
[BlackFideId "1126423"]
[EventDate "2014.08.02"]

1. d4 d5 2. c4 e6 3. Nf3 c6 4. Nbd2 Nf6 5. g3 Nbd7 6. Bg2 Be7 7. O-O O-O 8. b3
Re8 9. Bb2 b6 10. Qc2 Bb7 11. Rfd1 Rc8 12. e4 dxe4 13. Nxe4 Nxe4 14. Qxe4 Qc7
15. Qc2 Bf6 16. Nd2 g6 17. Ne4 Bg7 18. c5 Rcd8 19. Nd6 Re7 20. b4 Ba8 21. Rac1
b5 22. a4 a6 23. Ra1 Nf6 24. axb5 axb5 25. Nxb5 Qb8 26. Nd6 Qxb4 27. Bc3 Qb8 28.
Rdb1 Qc7 29. Ba5 Qd7 30. Bxd8 Qxd8 31. Qa4 1-0

[Event "41st Olympiad Women 2014"]
[Site "Tromso NOR"]
[Date "2014.08.02"]
[Round "1.49"]
[Board "3"]
[White "Debowska, Teresa"]
[Black "Tan, Zhongyi"]
[Result "0-1"]
[WhiteTitle "FM"]
[BlackTitle "WGM"]
[WhiteElo "1708"]
[BlackElo "2468"]
[WhiteTeam "IBCA"]
[BlackTeam "China"]
[WhiteFideId "1120816"]
[BlackFideId "8603642"]
[EventDate "2014.08.02"]

1. e4 d6 2. d4 Nf6 3. Nc3 g6 4. f4 Bg7 5. Nf3 O-O 6. Be2 c5 7. e5 Nfd7 8. Be3
cxd4 9. Bxd4 Nc6 10. e6 fxe6 11. Bxg7 Kxg7 12. g3 e5 13. Ng5 Nf6 14. fxe5 Nxe5
15. Qd4 h6 16. Nge4 Nxe4 17. Qxe4 Bf5 18. Qxb7 Rb8 19. Qxa7 Rxb2 20. Nd5 Rxc2
21. Nxe7 Bd7 22. Nd5 Rf7 23. Rf1 Rxe2+ 24. Kxe2 Bg4+ 0-1